[Event "Kelowna Harvest"]
[Site "Kelowna"]
[Date "2001.10.21"]
[Round "5"]
[White "Poitras, Luc"]
[Black "Phonchiangkwong, Sumon Chai"]
[Result "1-0"]
[WhiteElo "2216"]
[BlackElo "1462"]
[PlyCount "66"]
[EventDate "2001.10.20"]
[EventType "swiss"]
[EventRounds "5"]
[EventCountry "CAN"]
[SourceTitle "EXT 2022"]
[Source "ChessBase"]
[SourceDate "2021.10.06"]
[SourceVersion "1"]
[SourceVersionDate "2021.10.06"]
[SourceQuality "1"]

1. e4 e5 2. Nf3 Nc6 3. Bb5 d6 4. 0-0 Nf6 5. Re1 Bg4 6. c3 Be7 7. h3 Bh5 8. d4 0-0 9. Bxc6 bxc6 10. dxe5 Bxf3 11. Qxf3 dxe5 12. Nd2 h6 13. Nc4 Bd6 14. Na5 Qd7 15. Bxh6 Ne8 16. Be3 c5 17. Nc4 Qb5 18. b3 a5 19. Nb2 a4 20. c4 Qb7 21. Nxa4 Nf6 22. Bxc5 Rxa4 23. Bxd6 cxd6 24. bxa4 Qb4 25. Qb3 Qd2 26. Rad1 Qf4 27. Qf3 Qg5 28. Rxd6 Ra8 29. c5 Rxa4 30. c6 Ne8 31. Rd7 Qg6 32. c7 Rc4 33. Rd8 Kf8 1-0

[Event "Canadian op"]
[Site "Sackville"]
[Date "2001.07.09"]
[Round "4"]
[White "Ochkoos, Jura"]
[Black "Poitras, Luc"]
[Result "1-0"]
[WhiteElo "2285"]
[BlackElo "2116"]
[PlyCount "71"]
[EventDate "2001.07.07"]
[EventType "swiss"]
[EventRounds "10"]
[EventCountry "CAN"]
[SourceTitle "EXT 2002"]
[Source "ChessBase"]
[SourceDate "2001.11.25"]
[SourceVersion "1"]
[SourceVersionDate "2001.11.25"]
[SourceQuality "1"]

1. d4 Nf6 2. c4 e6 3. Nf3 b6 4. Nc3 Bb7 5. a3 d5 6. Bg5 Be7 7. e3 h6 8. Bxf6 Bxf6 9. cxd5 exd5 10. Qc2 0-0 11. g4 c5 12. 0-0-0 cxd4 13. exd4 Bc8 14. Rg1 Be6 15. h4 Bxh4 16. Nxh4 Qxh4 17. f4 f5 18. Qe2 Bf7 19. Bg2 Nc6 20. Bxd5 Bxd5 21. Nxd5 Rae8 22. Qf3 fxg4 23. Rxg4 Qh2 24. Rh1 Nxd4 25. Rxg7+ Kh8 26. Rh7+ Kxh7 27. Qd3+ Nf5 28. Rxh2 Re1+ 29. Kc2 Rf7 30. Kb3 Re6 31. Ka2 Rg6 32. Qe4 Nd6 33. Qc2 Nf5 34. Rh5 Ng3 35. Re5 Kg7 36. f5 1-0

[Event "CAN-ch op"]
[Site "Sackville"]
[Date "2001.07.07"]
[Round "1"]
[White "Poitras, Luc"]
[Black "Nathani, Kaleim"]
[Result "1-0"]
[WhiteElo "2200"]
[BlackElo "1867"]
[PlyCount "69"]
[EventDate "2001.07.??"]
[EventType "swiss"]
[EventRounds "10"]
[EventCountry "CAN"]
[SourceTitle "EXT 2006"]
[Source "ChessBase"]
[SourceDate "2005.11.24"]
[SourceVersion "1"]
[SourceVersionDate "2005.11.24"]
[SourceQuality "1"]

1. e4 d5 2. exd5 Nf6 3. d4 Bg4 4. Be2 Bxe2 5. Qxe2 Qxd5 6. Nf3 Nc6 7. c4 Qf5 8. 0-0 0-0-0 9. d5 Nb4 10. a3 Nd3 11. Nc3 e5 12. dxe6 fxe6 13. Nb5 Qg4 14. Be3 Bc5 15. Rfd1 Nf4 16. Bxf4 Qxf4 17. b4 a6 18. bxc5 axb5 19. Qxe6+ Kb8 20. cxb5 Rxd1+ 21. Rxd1 Qa4 22. Qe2 Qxa3 23. Qc4 Re8 24. b6 c6 25. Qf7 Rc8 26. Qxg7 Nd5 27. Qg3+ Ka8 28. Ne5 Nc3 29. Qe3 Qb2 30. Re1 Rd8 31. h3 Nd5 32. Qe4 Nc3 33. Qg4 Qd2 34. Ra1+ Na2 35. Qa4+ 1-0

[Event "British Columbia - Alberta Masters A"]
[Site "Victoria"]
[Date "2001.06.14"]
[Round "2"]
[White "Herder, David A"]
[Black "Poitras, Luc"]
[Result "1/2-1/2"]
[WhiteElo "2274"]
[BlackElo "2212"]
[PlyCount "99"]
[EventDate "2001.06.13"]
[EventType "tourn"]
[EventRounds "5"]
[EventCountry "CAN"]
[SourceTitle "EXT 2022"]
[Source "ChessBase"]
[SourceDate "2021.10.06"]
[SourceVersion "1"]
[SourceVersionDate "2021.10.06"]
[SourceQuality "1"]

1. d4 Nf6 2. Bg5 d5 3. Bxf6 exf6 4. g3 c6 5. Bg2 Qb6 6. b3 Bf5 7. Qd2 Na6 8. a3 Bd6 9. Nf3 0-0 10. 0-0 Rfe8 11. Nc3 Rad8 12. Na4 Qb5 13. Nc3 Qa5 14. b4 Qb6 15. e3 Nc7 16. Na4 Qb5 17. Nc5 b6 18. Nb7 Rd7 19. Nh4 Be4 20. f3 Bg6 21. Nxd6 Rxd6 22. a4 Qc4 23. Nxg6 hxg6 24. Rfe1 Qa6 25. Kf2 Qc8 26. Rac1 c5 27. c3 f5 28. Rb1 Ne6 29. Bf1 g5 30. Bd3 g6 31. f4 c4 32. Be2 Kg7 33. Bf3 g4 34. Bg2 Nf8 35. Re2 Nd7 36. Rh1 Nf6 37. Qb2 a6 38. b5 a5 39. Qa3 Qe6 40. Qb2 Rdd8 41. Qc2 Rh8 42. Kg1 Rh7 43. Qb1 Rdh8 44. Qc2 Qe7 45. Qb2 Rh6 46. Qc1 Ne4 47. Qc2 Nf6 48. Qb2 Rh5 49. Qc1 R8h7 50. Ra2 1/2-1/2

[Event "Mike's March Madness"]
[Site "Victoria"]
[Date "2001.??.??"]
[Round "?"]
[White "Yoos, John C"]
[Black "Poitras, Luc"]
[Result "1/2-1/2"]
[WhiteElo "2346"]
[BlackElo "2107"]
[PlyCount "65"]
[EventDate "2001.03.23"]
[EventType "tourn"]
[EventRounds "5"]
[EventCountry "CAN"]
[SourceTitle "EXT 2003"]
[Source "ChessBase"]
[SourceDate "2002.11.25"]
[SourceVersion "1"]
[SourceVersionDate "2002.11.25"]
[SourceQuality "1"]

1. e4 c5 2. Nf3 Nc6 3. d4 cxd4 4. Nxd4 e5 5. Nb5 d6 6. Be3 Be7 7. Nd2 a6 8. Nc3 Nf6 9. Bg5 b5 10. Bxf6 Bxf6 11. a4 b4 12. Nd5 0-0 13. Nc4 Bg5 14. a5 Be6 15. c3 bxc3 16. bxc3 Ne7 17. Ncb6 Bxd5 18. exd5 Ra7 19. Bc4 Nc8 20. Qb3 Qc7 21. 0-0 Ne7 22. Qc2 f5 23. Qe2 Kh8 24. Bxa6 Qxc3 25. Ra2 e4 26. Qc4 Qe5 27. Bb5 f4 28. Nd7 Rxd7 29. Bxd7 f3 30. Bh3 Nxd5 31. Re1 Nc3 32. Rc2 Ne2+ 33. Rcxe2 1/2-1/2

[Event "Montreal Pere Noel op"]
[Site "Montreal"]
[Date "2000.12.27"]
[Round "2"]
[White "Pitre, Francois"]
[Black "Poitras, Luc"]
[Result "1-0"]
[WhiteElo "2005"]
[BlackElo "2156"]
[PlyCount "67"]
[EventDate "2000.??.??"]
[EventType "swiss"]
[EventRounds "5"]
[EventCountry "CAN"]
[SourceTitle "EXT 2003"]
[Source "ChessBase"]
[SourceDate "2002.11.25"]
[SourceVersion "1"]
[SourceVersionDate "2002.11.25"]
[SourceQuality "1"]

1. d4 Nf6 2. Nf3 e6 3. Nbd2 d5 4. e3 c5 5. c3 Nc6 6. Ne5 cxd4 7. exd4 Nxe5 8. dxe5 Nd7 9. Nf3 Qc7 10. Bf4 g6 11. Bd3 Bg7 12. Qe2 0-0 13. 0-0 Nc5 14. Bc2 b6 15. Rfe1 Bb7 16. Nd4 a6 17. Rac1 Rac8 18. Qg4 Nd7 19. h4 Rce8 20. Qg3 Nb8 21. h5 Nc6 22. Nf3 Ne7 23. Nd4 Qd7 24. Rcd1 b5 25. a3 Nc6 26. f3 Na5 27. Kf2 Nc4 28. Rh1 Nxb2 29. Rb1 Nc4 30. hxg6 fxg6 31. Rxh7 Qf7 32. Rbh1 Re7 33. Qh4 Qxf4 34. Rh8+ 1-0

[Event "Keres Memorial 25th"]
[Site "Vancouver"]
[Date "2000.05.20"]
[Round "8"]
[White "Poitras, Luc"]
[Black "Ivankovic, Goran"]
[Result "1/2-1/2"]
[WhiteElo "2101"]
[BlackElo "2299"]
[PlyCount "58"]
[EventDate "2000.05.13"]
[EventType "swiss"]
[EventRounds "10"]
[EventCountry "CAN"]
[SourceTitle "CBM 076 Extra"]
[Source "ChessBase"]
[SourceDate "2000.07.11"]
[SourceVersion "1"]
[SourceVersionDate "2000.07.11"]
[SourceQuality "1"]

1. e4 e6 2. d4 d5 3. Nd2 dxe4 4. Nxe4 Nd7 5. Nf3 Ngf6 6. Nxf6+ Nxf6 7. Bc4 Bd6 8. Qe2 0-0 9. Bg5 h6 10. Bh4 a6 11. 0-0-0 b5 12. Bd3 Bb7 13. Ne5 Be7 14. Bxf6 Bxf6 15. f4 Qd5 16. Rhg1 Bxe5 17. Qxe5 Qxa2 18. f5 Qa1+ 19. Kd2 Qa5+ 20. Kc1 Rae8 21. f6 g6 22. Qe3 Kh7 23. h4 e5 24. dxe5 Qa1+ 25. Kd2 Qxb2 26. Rde1 Qb4+ 27. Kc1 Qa3+ 28. Kd1 Qa1+ 29. Kd2 Qa5+ 1/2-1/2

[Event "Keres Memorial 25th"]
[Site "Vancouver"]
[Date "2000.05.13"]
[Round "1"]
[White "Poitras, Luc"]
[Black "Niksic, John"]
[Result "1-0"]
[WhiteElo "2101"]
[BlackElo "2125"]
[PlyCount "78"]
[EventDate "2000.05.13"]
[EventType "swiss"]
[EventRounds "10"]
[EventCountry "CAN"]
[SourceTitle "CBM 076 Extra"]
[Source "ChessBase"]
[SourceDate "2000.07.11"]
[SourceVersion "1"]
[SourceVersionDate "2000.07.11"]
[SourceQuality "1"]

1. e4 e6 2. d4 d5 3. Nd2 Nf6 4. e5 Nfd7 5. Bd3 c5 6. c3 Nc6 7. Ne2 a5 8. 0-0 a4 9. a3 h5 10. f4 g6 11. Bc2 Qa5 12. c4 cxd4 13. cxd5 Qxd5 14. Bxa4 Nc5 15. Bb5 Be7 16. Kh1 0-0 17. Bc4 Qd7 18. Nb3 d3 19. Nc3 Nxb3 20. Bxb3 Na5 21. Ba4 Qd4 22. Nb5 Qb6 23. Qxd3 Rd8 24. Qe2 Bd7 25. Be3 Qa6 26. Rfe1 Nb3 27. Bxb3 Bxb5 28. Qf2 h4 29. h3 Rd7 30. Red1 Rad8 31. Bb6 Rxd1+ 32. Rxd1 Rxd1+ 33. Bxd1 Bc6 34. Be2 Qa4 35. Qe3 Qc2 36. Bd4 Qb1+ 37. Kh2 Qe1 38. Bc3 Qb1 39. Bf3 Bxf3 1-0

[Event "British Columbia-ch"]
[Site "Vancouver"]
[Date "2000.04.24"]
[Round "8"]
[White "Poitras, Luc"]
[Black "Pechisker, Alfred"]
[Result "0-1"]
[WhiteElo "2101"]
[BlackElo "2035"]
[PlyCount "98"]
[EventDate "2000.04.20"]
[EventType "tourn"]
[EventRounds "9"]
[EventCountry "CAN"]
[SourceTitle "CBM 075 Extra"]
[Source "ChessBase"]
[SourceDate "2000.05.11"]
[SourceVersion "2"]
[SourceVersionDate "2000.05.11"]
[SourceQuality "1"]

1. e4 c5 2. Nf3 d6 3. d4 cxd4 4. Nxd4 Nf6 5. Nc3 a6 6. Bc4 e6 7. Bb3 Be7 8. 0-0 0-0 9. f4 Qc7 10. f5 e5 11. Nde2 Nbd7 12. Ng3 b5 13. a3 Bb7 14. Bg5 Rac8 15. Kh1 Qd8 16. Bxf6 Nxf6 17. Nh5 Rxc3 18. Nxf6+ Bxf6 19. bxc3 Bxe4 20. Bd5 Bxd5 21. Qxd5 Qc7 22. Rf3 Rd8 23. Rd1 Qc4 24. Qxc4 bxc4 25. Rd5 Rb8 26. Kg1 Rb6 27. Kf2 Kf8 28. Ke3 Ke8 29. Ke4 Kd7 30. Rf1 Bd8 31. Rfd1 Ke7 32. g4 Bc7 33. R5d2 Rb5 34. g5 f6 35. h4 Kd7 36. Rd5 Rb2 37. R1d2 Kc6 38. gxf6 gxf6 39. Rg2 Ra2 40. a4 Rxa4 41. h5 Ra3 42. Rg3 Ra1 43. Rd2 d5+ 44. Ke3 Rh1 45. Rdg2 Rxh5 46. Rf3 e4 47. Rf1 Rh3+ 48. Kd2 Be5 49. Kc1 Bxc3 0-1

[Event "British Columbia-ch"]
[Site "Vancouver"]
[Date "2000.04.23"]
[Round "6"]
[White "Poitras, Luc"]
[Black "Herder, David A"]
[Result "1-0"]
[WhiteElo "2101"]
[BlackElo "2263"]
[PlyCount "64"]
[EventDate "2000.04.20"]
[EventType "tourn"]
[EventRounds "9"]
[EventCountry "CAN"]
[SourceTitle "CBM 075 Extra"]
[Source "ChessBase"]
[SourceDate "2000.05.11"]
[SourceVersion "2"]
[SourceVersionDate "2000.05.11"]
[SourceQuality "1"]

1. e4 e6 2. d4 d5 3. e5 c5 4. c3 Nc6 5. Nf3 Nge7 6. Bd3 cxd4 7. cxd4 Nf5 8. Bxf5 exf5 9. 0-0 h6 10. h4 Be6 11. g3 Be7 12. Qd2 f4 13. Qxf4 g5 14. hxg5 hxg5 15. Qe3 Kd7 16. Rd1 Rh5 17. a3 Qh8 18. Kf1 g4 19. Ne1 b6 20. Bd2 Bf5 21. Ke2 Be4 22. Rc1 Rc8 23. b4 Bg5 24. Qc3 Ne7 25. Qb2 Nf5 26. Bxg5 Rxg5 27. Rxc8 Qxc8 28. Nd2 Qa6+ 29. Kd1 Qa4+ 30. Qb3 Qb5 31. Nxe4 dxe4 32. Qxf7+ Ne7 1-0

[Event "British Columbia-ch"]
[Site "Vancouver"]
[Date "2000.04.22"]
[Round "4"]
[White "Poitras, Luc"]
[Black "Sokourinski, Sergei"]
[Result "1/2-1/2"]
[WhiteElo "2101"]
[BlackElo "2125"]
[PlyCount "26"]
[EventDate "2000.04.20"]
[EventType "tourn"]
[EventRounds "9"]
[EventCountry "CAN"]
[SourceTitle "CBM 075 Extra"]
[Source "ChessBase"]
[SourceDate "2000.05.11"]
[SourceVersion "2"]
[SourceVersionDate "2000.05.11"]
[SourceQuality "1"]

1. e4 c6 2. d4 d5 3. Nc3 g6 4. exd5 cxd5 5. g3 Nf6 6. Bg2 Bg7 7. Nge2 Nc6 8. 0-0 0-0 9. Bg5 Bg4 10. Bxf6 Bxf6 11. Nxd5 Bxd4 12. c3 Bg7 13. h3 Bxe2 1/2-1/2

[Event "British Columbia-ch"]
[Site "Vancouver"]
[Date "2000.04.21"]
[Round "3"]
[White "Zuk, Robert D"]
[Black "Poitras, Luc"]
[Result "1/2-1/2"]
[WhiteElo "2291"]
[BlackElo "2101"]
[PlyCount "81"]
[EventDate "2000.04.20"]
[EventType "tourn"]
[EventRounds "9"]
[EventCountry "CAN"]
[SourceTitle "CBM 075 Extra"]
[Source "ChessBase"]
[SourceDate "2000.05.11"]
[SourceVersion "2"]
[SourceVersionDate "2000.05.11"]
[SourceQuality "1"]

1. d4 f5 2. g3 Nf6 3. Bg2 e6 4. c4 d5 5. Nf3 Be7 6. 0-0 0-0 7. b3 c6 8. Ba3 Bd7 9. Bxe7 Qxe7 10. Nbd2 Be8 11. Qc2 Nbd7 12. Qb2 Bh5 13. e3 Ne4 14. Rfc1 g5 15. Ne1 Nxd2 16. Qxd2 Bg6 17. f4 g4 18. Nd3 Rfd8 19. Rc2 Bf7 20. Rac1 h5 21. cxd5 exd5 22. Ne5 Nxe5 23. fxe5 Be6 24. Bf1 Kg7 25. b4 a6 26. a4 Bd7 27. Rb2 Kg6 28. Bd3 h4 29. Qf2 hxg3 30. hxg3 Rh8 31. Qf4 Qg5 32. Qxg5+ Kxg5 33. Rh2 Rxh2 34. Kxh2 b5 35. a5 Kg6 36. Kg2 Rh8 37. Rf1 Be6 38. Rf4 Kg5 39. Rf1 Kg6 40. Rf4 Kg5 41. Rf1 1/2-1/2

[Event "British Columbia-ch"]
[Site "Vancouver"]
[Date "2000.04.20"]
[Round "1"]
[White "Berry, Jonathan"]
[Black "Poitras, Luc"]
[Result "1-0"]
[WhiteElo "2272"]
[BlackElo "2101"]
[PlyCount "53"]
[EventDate "2000.04.20"]
[EventType "tourn"]
[EventRounds "9"]
[EventCountry "CAN"]
[SourceTitle "CBM 075 Extra"]
[Source "ChessBase"]
[SourceDate "2000.05.11"]
[SourceVersion "2"]
[SourceVersionDate "2000.05.11"]
[SourceQuality "1"]

1. d4 d5 2. c4 e6 3. cxd5 exd5 4. Nc3 Be7 5. Bf4 c6 6. e3 f5 7. Bd3 Nf6 8. Qc2 Ne4 9. f3 Nxc3 10. bxc3 0-0 11. Ne2 Bg5 12. 0-0 g6 13. e4 b6 14. Rae1 Bxf4 15. Nxf4 Qd6 16. Qd2 Na6 17. exd5 cxd5 18. Bxa6 Bxa6 19. Re6 Qd7 20. Rfe1 Rf7 21. Qe3 Bc4 22. Qe5 Bxa2 23. Rd6 Qc7 24. Nxg6 hxg6 25. Rxg6+ Kh7 26. Qg3 Qxc3 27. Qh4+ 1-0

[Event "Canadian op"]
[Site "Richmond"]
[Date "1999.07.02"]
[Round "10"]
[White "Milicevic, Dragoljub"]
[Black "Poitras, Luc"]
[Result "1-0"]
[WhiteElo "2226"]
[BlackElo "2100"]
[PlyCount "61"]
[EventDate "1999.07.02"]
[EventType "swiss"]
[EventRounds "11"]
[EventCountry "CAN"]
[SourceTitle "EXT 2000"]
[Source "ChessBase"]
[SourceDate "1999.11.16"]
[SourceVersion "1"]
[SourceVersionDate "1999.11.16"]
[SourceQuality "1"]

1. Nf3 f5 2. b3 Nf6 3. Bb2 e6 4. g3 Be7 5. Bg2 0-0 6. 0-0 d5 7. d3 c5 8. Nbd2 Nc6 9. Re1 Qe8 10. e4 fxe4 11. dxe4 d4 12. e5 Nd5 13. Qe2 Rb8 14. a4 b6 15. Ne4 Qg6 16. Nd6 Bd7 17. Rac1 Ncb4 18. c4 dxc3 19. Bxc3 Nd3 20. Bd2 Nxc1 21. Rxc1 Bxd6 22. exd6 Rbd8 23. Ne5 Qf5 24. h4 Be8 25. Be4 Qh3 26. d7 Rxd7 27. Nxd7 Bxd7 28. Qd3 Bc6 29. Bxh7+ Kh8 30. Be4 Qg4 31. Bg2 1-0

[Event "Quebec op"]
[Site "Montreal"]
[Date "1998.07.26"]
[Round "3"]
[White "Poitras, Luc"]
[Black "Dumesnil, Etienne"]
[Result "1/2-1/2"]
[WhiteElo "2085"]
[BlackElo "1874"]
[PlyCount "63"]
[EventDate "1998.07.25"]
[EventType "swiss"]
[EventRounds "9"]
[EventCountry "CAN"]
[SourceTitle "EXT 2022"]
[Source "ChessBase"]
[SourceDate "2021.10.06"]
[SourceVersion "1"]
[SourceVersionDate "2021.10.06"]
[SourceQuality "1"]

1. e4 e5 2. Nf3 Nc6 3. Bb5 a6 4. Ba4 Nf6 5. 0-0 Be7 6. Re1 b5 7. Bb3 0-0 8. c3 d6 9. h3 Na5 10. Bc2 c5 11. d4 Qc7 12. Nbd2 Bd7 13. Nf1 Rfe8 14. Ng3 Rac8 15. Bd3 h6 16. a4 bxa4 17. dxe5 dxe5 18. Bc2 Red8 19. Nd2 c4 20. Bxa4 Bc5 21. Bc2 Qb6 22. Qe2 Bb5 23. Ndf1 Nb3 24. Bxb3 cxb3 25. Qf3 Rd3 26. Ne3 Qb7 27. Rd1 Rxd1+ 28. Nxd1 Bc6 29. Bxh6 Bxe4 30. Nxe4 Qxe4 31. Qxe4 Nxe4 32. Be3 1/2-1/2